000 00720nam a22002297i 4500
003 URS
005 20220117094737.0
008 160314b xxu||||| |||| 00| 0 eng d
020 _a9710412228
040 _erda
_cURSP-College Library
_beng
050 _aQN315
_b574 B86b 2011
100 1 _aBueno, David Cababaro
245 _aBiological Science for college students.
_cDavid Cababaro Bueno
264 _aMandaluyong City
_bBook Atbpages Pub.,Corpages
_c2011
300 _axii, 255 pages:
_bcolour illustration;
_c25 cm
336 _atext
_btxt
_2rdacontent
337 _aunmediated
_bn
_2rdamedia
338 _avolume
_bnc
_2rdacarrier
500 _aIncludes references
650 0 _aBiological science.
942 _2lcc
_cF
999 _c7880
_d7880